[Event "London Chess Classic op 10th"]
[Site "London"]
[Date "2018.12.11"]
[Round "3"]
[White "Othman, Wael"]
[Black "Gunn, Michael J"]
[Result "0-1"]
[WhiteElo "1305"]
[BlackElo "1577"]
[PlyCount "145"]
[EventDate "2018.12.09"]
[EventType "swiss"]
[EventRounds "5"]
[EventCountry "ENG"]
[SourceTitle "EXT 2021"]
[Source "ChessBase"]
[SourceDate "2020.10.23"]
[SourceVersion "1"]
[SourceVersionDate "2020.10.23"]
[SourceQuality "1"]

1. c4 e6 2. Nf3 d5 3. g3 Nf6 4. Bg2 Be7 5. 0-0 0-0 6. d3 c6 7. Qc2 Nbd7 8. Bd2 e5 9. cxd5 cxd5 10. Nc3 a6 11. e3 Bd6 12. Ng5 Nb6 13. d4 e4 14. f3 h6 15. Nh3 exf3 16. Rxf3 Bg4 17. Rf2 Re8 18. Nf4 Rc8 19. Re1 Bxf4 20. Rxf4 Bh5 21. Qb1 Bg6 22. Qd1 Nc4 23. Bc1 Rc6 24. Rf2 Rce6 25. e4 Nxe4 26. Nxe4 Bxe4 27. Ref1 Bxg2 28. Kxg2 Ne3+ 29. Bxe3 Rxe3 30. Qh5 f6 31. Rd1 Qd7 32. b3 Qe6 33. Qh4 Re2 34. Rdf1 Re4 35. Qh5 Rxd4 36. Qg6 Qe4+ 37. Qxe4 Rdxe4 38. Rd1 d4 39. Rf4 Rxf4 40. gxf4 Re2+ 41. Kf3 Rxa2 42. Rxd4 Ra3 43. Rb4 b5 44. Ke4 Kf7 45. Kf5 g6+ 46. Ke4 Ra2 47. Rd4 Re2+ 48. Kd5 f5 49. h4 Re4 50. Rxe4 fxe4 51. Kxe4 Kf6 52. b4 Ke6 53. Kf3 Kf5 54. Kg3 Ke4 55. Kg4 Kd4 56. h5 gxh5+ 57. Kxh5 Ke4 58. Kg4 h5+ 59. Kg3 h4+ 60. Kxh4 Kxf4 61. Kh5 Ke4 62. Kg4 Kd4 63. Kf4 Kc4 64. Ke4 Kxb4 65. Kd4 Kb3 66. Kc5 Kc3 67. Kb6 b4 68. Ka5 b3 69. Kxa6 b2 70. Ka5 b1Q 71. Ka6 Kc4 72. Ka7 Kc5 73. Ka8 0-1

[Event "London Chess Classic op 10th"]
[Site "London"]
[Date "2018.12.10"]
[Round "2"]
[White "Fernando, Manel"]
[Black "Othman, Wael"]
[Result "0-1"]
[WhiteElo "1555"]
[BlackElo "1305"]
[PlyCount "100"]
[EventDate "2018.12.09"]
[EventType "swiss"]
[EventRounds "5"]
[EventCountry "ENG"]
[SourceTitle "EXT 2021"]
[Source "ChessBase"]
[SourceDate "2020.10.23"]
[SourceVersion "1"]
[SourceVersionDate "2020.10.23"]
[SourceQuality "1"]

1. d4 d5 2. Nf3 Nf6 3. Bf4 g6 4. e3 Bg7 5. Nbd2 0-0 6. Bd3 Nc6 7. c3 Re8 8. 0-0 Nd7 9. Bg5 f6 10. Bh4 e5 11. dxe5 Ndxe5 12. Nxe5 Nxe5 13. Be2 Qd6 14. Bg3 Qc6 15. Nf3 Qc5 16. Nd4 c6 17. h3 Qe7 18. Rc1 Kh8 19. Nf3 Be6 20. Nxe5 fxe5 21. Bg4 Rf8 22. Qe2 Bf7 23. a3 h5 24. f4 hxg4 25. Qxg4 exf4 26. Bxf4 Qe6 27. Qh4+ Kg8 28. Rce1 Be8 29. Qg3 Rd8 30. h4 Rf5 31. Rf3 Rd7 32. Qg4 Rdf7 33. Rh3 Qe4 34. Rf1 R7f6 35. Rhf3 Bh6 36. Qg3 Bxf4 37. exf4 Bf7 38. Re3 Qc4 39. Ref3 d4 40. Kh1 Bd5 41. R3f2 d3 42. Re1 Kf7 43. Qh3 Be6 44. Qe3 Rxf4 45. Rxf4 Qxf4 46. Kg1 Qxe3+ 47. Rxe3 Bf5 48. Kf2 Rd6 49. Ke1 d2+ 50. Kd1 Bg4+ 0-1

[Event "London Classic op"]
[Site "London"]
[Date "2017.12.09"]
[Round "9"]
[White "Ainsworth, George"]
[Black "Othman, Wael"]
[Result "1-0"]
[WhiteElo "1734"]
[BlackElo "1343"]
[PlyCount "63"]
[EventDate "2017.12.02"]
[EventType "swiss"]
[EventRounds "9"]
[EventCountry "ENG"]
[SourceTitle "CBM 182 Extra"]
[Source "ChessBase"]
[SourceDate "2018.02.23"]
[SourceVersion "1"]
[SourceVersionDate "2018.02.23"]
[SourceQuality "1"]

1. e4 d6 2. d4 g6 3. Nc3 Bg7 4. f4 Nf6 5. Nf3 0-0 6. e5 Nfd7 7. Ne4 d5 8. Neg5 e6 9. h4 h6 10. h5 Nb6 11. hxg6 fxg6 12. Bd3 Re8 13. Bxg6 Re7 14. Nh7 N8d7 15. g4 Nf8 16. Nxf8 Bxf8 17. f5 exf5 18. gxf5 Nd7 19. Bxh6 Bxh6 20. Rxh6 Nf8 21. Qd2 Nxg6 22. Rxg6+ Rg7 23. Qh6 Rxg6 24. Qxg6+ Kf8 25. 0-0-0 Qe7 26. Rh1 Qg7 27. Qh5 b5 28. f6 Qg8 29. Rg1 Qxg1+ 30. Nxg1 Be6 31. Qh8+ Bg8 32. Qg7+ 1-0

[Event "London Classic op"]
[Site "London"]
[Date "2017.12.06"]
[Round "6"]
[White "Othman, Wael"]
[Black "Levy, Christopher A"]
[Result "0-1"]
[WhiteElo "1343"]
[BlackElo "1526"]
[PlyCount "86"]
[EventDate "2017.12.02"]
[EventType "swiss"]
[EventRounds "9"]
[EventCountry "ENG"]
[SourceTitle "CBM 182 Extra"]
[Source "ChessBase"]
[SourceDate "2018.02.23"]
[SourceVersion "1"]
[SourceVersionDate "2018.02.23"]
[SourceQuality "1"]

1. c4 Nf6 2. Nf3 g6 3. g3 Bg7 4. Bg2 d6 5. d3 e5 6. 0-0 0-0 7. Nc3 Nc6 8. Bg5 Be6 9. Nd5 h6 10. Nxf6+ Bxf6 11. Bxh6 Bg7 12. Qd2 Qd7 13. e4 Bh3 14. Qe3 f6 15. a3 Qg4 16. Bxg7 Kxg7 17. Bxh3 Qxh3 18. Nh4 Nd4 19. Rac1 Rh8 20. f4 Rxh4 21. Kf2 Qxh2+ 22. Ke1 Rh3 23. Qf2 Qxg3 24. Qxg3 Rxg3 25. Rc3 Rh8 26. fxe5 dxe5 27. b4 Rh2 28. Kd1 Rgg2 29. b5 Ra2 30. a4 Ne2 31. Rc2 Rxc2 32. Kxc2 Ng3+ 33. Kc3 Nxf1 34. Kb4 g5 35. c5 g4 36. a5 g3 37. b6 axb6 38. axb6 cxb6 39. Kb5 Rb2+ 40. Kc4 g2 41. d4 exd4 42. Kxd4 g1Q+ 43. Kd5 Ne3+ 0-1